000 00290 a2200121 4500
001 146601
040 _cEscola São Tomás de Aquino
100 _aMACHADO, Ana Maria
240 1 0 _aA velhinha maluquete
_lpor
245 1 0 _aA velhinha maluquete
697 _a*LITERATURA INFANTO
942 _cBK
999 _c146601
_d146601